Rekonštrukcia hyperspektrálneho obrazu z difrakčného skenu
Na minha lista:
| Autor principal: | |
|---|---|
| Outros Autores: | |
| Formato: | Manuscrito Livro |
| Idioma: | eslovaco |
| Publicado em: |
2015
|
| Assuntos: | |
| Acesso em linha: | http://is.stuba.sk/zp/portal_zp.pl?podrobnosti=100317 https://opac.crzp.sk/?fn=detailBiblioForm&sid=A1BE4CBC10A6410E28D4758DE444 |
| Tags: |
Sem tags, seja o primeiro a adicionar uma tag!
|
MARC
| LEADER | 00000ntm a22000003a 4500 | ||
|---|---|---|---|
| 001 | stuzp53130 | ||
| 003 | SK-STU | ||
| 005 | 20230818131029.8 | ||
| 007 | ta | ||
| 008 | 150427s2015----xo-----f-mn---000-0-slo-d | ||
| 040 | |a STU |b slo | ||
| 041 | 0 | |a slo | |
| 100 | 1 | |a Šeliga, Adam |u 010220 |4 aut |U SvF Stavebná fakulta |T SvF Katedra matematiky a deskriptívnej geometrie |X 56715 |U V220 |Y 23 |7 56715 | |
| 242 | 0 | 1 | |a Hyperspectral image reconstruction from diffraction scan |y eng |
| 245 | 1 | 0 | |a Rekonštrukcia hyperspektrálneho obrazu z difrakčného skenu |
| 260 | |c 2015 | ||
| 650 | 4 | |a integrálna transformácia |2 slo | |
| 650 | 4 | |a počítačová tomografia |2 slo | |
| 650 | 4 | |a hyperspektrálne skenovanie |2 slo | |
| 650 | 4 | |a hyperspektrálny obraz |2 slo | |
| 650 | 4 | |a neskenujúca hyperspektrálna fotografia |2 slo | |
| 650 | 4 | |a hyperspectral scanning |2 eng | |
| 650 | 4 | |a hyperspectral image |2 eng | |
| 650 | 4 | |a nonscanning hyperspectral imaging |2 eng | |
| 650 | 4 | |a integral transform |2 eng | |
| 650 | 4 | |a computed tomography |2 eng | |
| 700 | 1 | |a Sarkoci, Peter |4 ths |X 4441 |7 A000004441 | |
| 856 | 4 | |u http://is.stuba.sk/zp/portal_zp.pl?podrobnosti=100317 | |
| 856 | 4 | |u https://opac.crzp.sk/?fn=detailBiblioForm&sid=A1BE4CBC10A6410E28D4758DE444 | |
| SQL | |a stuzp53130 |b DBP |c SLO |d Rekonštrukcia hyperspektrálneho obrazu z difrakčného skenu |e 56715 |f Šeliga, Adam |g 010220 |h 4441 |i Sarkoci, Peter |j 20150624 |k 3 |l 01 |m http://is.stuba.sk/zp/portal_zp.pl?podrobnosti=100317 |n B-MPM |o 9.1.9. aplikovaná matematika | ||